Nghiên cứu, triển khai hệ thống mạng và tích hợp các dịch vụ ứng dụng trong doanh nghiệp
Tổng quan về mạng máy tính. Cơ sở lý thuyết. Thiết kế và triển khai hệ thống mạng tại phòng đào tạo của Softech.
Uloženo v:
| Hlavní autor: | |
|---|---|
| Další autoři: | |
| Médium: | Kniha |
| Jazyk: | Vietnamese |
| Vydáno: |
Đại học Đà Nẵng
Đại học Sư phạm
2007
|
| Témata: | |
| Tagy: |
Přidat tag
Žádné tagy, Buďte první, kdo otaguje tento záznam!
|
| Thư viện lưu trữ: | Mạng thư viện Đại học Đà Nẵng |
|---|
| LEADER | 01455nam a2200349 4500 | ||
|---|---|---|---|
| 001 | 000012696 | ||
| 003 | 9007 | ||
| 005 | 20120227140234.0 | ||
| 008 | 120227s2007 viesd | ||
| 041 | |a vie | ||
| 072 | |a Khóa luận tốt nghiệp | ||
| 082 | |a 005.75 |b LE-N | ||
| 100 | |a Lê, Thị Nga |e Tác giả | ||
| 245 | |a Nghiên cứu, triển khai hệ thống mạng và tích hợp các dịch vụ ứng dụng trong doanh nghiệp |c Lê Thị Nga | ||
| 260 | |a Đại học Đà Nẵng |b Đại học Sư phạm |c 2007 | ||
| 300 | |a 18 tr. |c 29 cm | ||
| 500 | |a Khóa luận tốt nghiệp khoa Tin. Ngành: Công nghệ Thông tin. Lớp 031 CTT | ||
| 520 | |a Tổng quan về mạng máy tính. Cơ sở lý thuyết. Thiết kế và triển khai hệ thống mạng tại phòng đào tạo của Softech. | ||
| 653 | |a Hệ thống mạng | ||
| 653 | |a Tích hợp | ||
| 653 | |a Ứng dụng dịch vụ | ||
| 700 | |a Lê Viết Chung |c Th.S |e Hướng dẫn | ||
| OWN | |a LSP | ||
| AVA | |a UDN50 |b LSP |d 005.75 LE-N |e available |t Error 5001 Not defined in file expand_doc_bib_avail. |f 2 |g 0 |h N |i 0 |k 1 | ||
| 999 | |a From the UDN01 | ||
| AVA | |a UDN50 |b LSP |d 005.75 LE-N |e available |t Error 5001 Not defined in file expand_doc_bib_avail. |f 2 |g 0 |h N |i 0 |k 1 | ||
| TYP | |a Monograph | ||
| TYP | |a Printed language | ||
| 980 | |a Mạng thư viện Đại học Đà Nẵng | ||